000 00840nas a2200277 4500
001 BR0101133
003 BR-BrBNA
005 20231205102109.0
007 ta
008 230509b bl.|||p| |||| 00| 00por d
040 _aBR-BrBNA
_bpor
_cBiblioteca Nacional de Agricultura
041 _a(Pt)
072 _aF02
100 1 _aFurlani, C.E.A.
100 1 _aLopes, A.
100 1 _aAbrahao, F.Z.
100 1 _aLeite, M.A.S.
245 1 _aCaracteristicas da cultura do milho (Zea mays L.)em funcao do tipo de preparo do solo e da velocidade de semeadura
650 _aMilho
650 _aSemeadura
650 _aEscarificacao
650 _aManejo do Solo
773 0 _tEngenharia Agricola (Brazil)
_xISSN 0100-6916
_g(Dec 1999), v. 19(2) p. 177-186
_wBR0101133
909 _a202311
_bLúcia
_c55
_dLúcia Elande
942 _2AGRIS
_n0
_cANA
999 _c165727
_d165727